[Event "CHN Team Men 2016"]
[Site "Wuxi CHN"]
[Date "2016.08.03"]
[Round "8.4"]
[Board "4"]
[White "Qu, Yanqiao"]
[Black "Zhao, Zhouqiao CHN"]
[Result "0-1"]
[BlackTitle "FM"]
[WhiteElo "2186"]
[BlackElo "2204"]
[WhiteTeam "Heilongjiang Qipai"]
[BlackTeam "Tianjing Chunhua"]
[WhiteFideId "8603944"]
[BlackFideId "8608342"]
[EventDate "2016.07.28"]

1. e4 e5 2. Nf3 Nc6 3. c3 Nf6 4. d4 d6 5. Bd3 Be7 6. O-O O-O 7. h3 Re8 8. Be3
Bf8 9. Nbd2 g6 10. Rc1 Nh5 11. Re1 Nf4 12. Bf1 Qf6 13. d5 Nb8 14. c4 c5 15. Nh2
Qg7 16. a3 a5 17. Nb1 Bd7 18. Nc3 Na6 19. Qf3 g5 20. g3 Qg6 21. Bd2 Nh5 22. Nd1
b6 23. Ne3 Nf6 24. Nhg4 Be7 25. Nf5 Bxf5 26. exf5 Qg7 27. Bd3 Nc7 28. a4 Nxg4
29. Qxg4 Bf6 30. Re4 Kf8 31. Rce1 Ke7 32. Qh5 Kd7 33. Rg4 h6 34. Rge4 Kc8 35.
Bc3 Kb7 36. Kf1 Rh8 37. R4e3 Rhe8 38. Be4 Reb8 39. Qd1 Ka7 40. Qd2 Rb7 41. Qd1
Rh8 42. Bf3 Rbb8 43. Re4 Rbd8 44. Qd2 Rb8 45. Qd1 Qh7 46. g4 Qg7 47. Kg2 Qf8 48.
Rh1 Qd8 49. Re3 e4 50. Bxf6 exf3+ 0-1

[Event "CHN Team Men 2016"]
[Site "Wuxi CHN"]
[Date "2016.08.03"]
[Round "8.5"]
[Board "2"]
[White "Li, Di"]
[Black "Zhao, Chenxi"]
[Result "1-0"]
[WhiteTitle "FM"]
[WhiteElo "2426"]
[BlackElo "2052"]
[WhiteTeam "Chengdu"]
[BlackTeam "Shenzhen Qiyuan"]
[WhiteFideId "8607508"]
[BlackFideId "8611513"]
[EventDate "2016.07.28"]

1. e4 c5 2. Nf3 e6 3. d4 cxd4 4. Nxd4 Nc6 5. Nc3 Qc7 6. Be3 a6 7. Qf3 Nf6 8.
O-O-O Be7 9. Be2 h5 10. Qg3 Qxg3 11. hxg3 Ne5 12. f3 Ng6 13. Na4 b5 14. Nb6 Rb8
15. Nb3 Bb7 16. Na5 Bc6 17. c4 Bd8 18. c5 Bc7 19. Bf2 Ke7 20. a4 Ne5 21. Nxc6+
dxc6 22. Kc2 Ned7 23. axb5 Bxb6 24. cxb6 cxb5 25. Ra1 Rhc8+ 26. Kb1 Nc5 27.
Bxc5+ Rxc5 28. Rxa6 Nd7 29. b4 Rc3 30. Kb2 Re3 31. Bxb5 Nxb6 32. Ra3 Rxa3 33.
Kxa3 g6 34. Rc1 Rb7 35. Kb3 Kd6 36. Rc6+ Ke5 37. Ba6 Rb8 38. Kc3 f5 39. f4+ Kxe4
40. Rxe6+ Kd5 41. Rxg6 Na4+ 42. Kd2 Rxb4 43. Bd3 Rb2+ 44. Ke3 Rb3 45. Kd2 Rb2+
46. Ke1 Nc5 47. Bxf5 Rxg2 48. Kf1 Rb2 49. Rg8 Kd4 50. Re8 Ra2 51. Bg6 Rb2 52.
Kg1 Ra2 53. Re5 h4 54. gxh4 Nd3 55. Bxd3 Kxd3 56. h5 Ra4 57. h6 Rxf4 58. Rh5
Rg4+ 59. Kf2 1-0

[Event "CHN Team Men 2016"]
[Site "Wuxi CHN"]
[Date "2016.08.03"]
[Round "8.5"]
[Board "3"]
[White "Yang, Yuhang"]
[Black "Liu, Guanchu"]
[Result "0-1"]
[BlackTitle "IM"]
[WhiteElo "1834"]
[BlackElo "2366"]
[WhiteTeam "Shenzhen Qiyuan"]
[BlackTeam "Chengdu"]
[WhiteFideId "8611530"]
[BlackFideId "8603901"]
[EventDate "2016.07.28"]

1. d4 f5 2. e4 fxe4 3. Nc3 Nf6 4. Bg5 Nc6 5. d5 Ne5 6. Qe2 c6 7. f4 Nf7 8. Bxf6
gxf6 9. Nxe4 Qa5+ 10. c3 f5 11. Ng3 Qxd5 12. Rd1 Qxa2 13. Nxf5 d5 14. Nd4 Bg7
15. Qc2 e5 16. fxe5 Nxe5 17. Ngf3 Bd7 18. Nxe5 Bxe5 19. Bd3 Bxd4 20. cxd4 Qa5+
21. Qd2 Qxd2+ 22. Kxd2 O-O 23. Kc3 Rf2 24. g4 Raf8 25. h3 a5 26. Rde1 R8f7 27.
Re5 R2f3 28. h4 Rg3 29. h5 Rff3 30. Ree1 Bxg4 0-1

[Event "CHN Team Men 2016"]
[Site "Wuxi CHN"]
[Date "2016.08.03"]
[Round "8.5"]
[Board "4"]
[White "Zhao, Yuanhe"]
[Black "Zuo, Yifan"]
[Result "1-0"]
[BlackTitle "CM"]
[WhiteElo "2328"]
[BlackElo "1823"]
[WhiteTeam "Chengdu"]
[BlackTeam "Shenzhen Qiyuan"]
[WhiteFideId "8609497"]
[BlackFideId "8614610"]
[EventDate "2016.07.28"]

1. d4 Nf6 2. c4 e6 3. g3 d5 4. Nf3 c6 5. Bg2 Bd6 6. O-O Nbd7 7. Nc3 b6 8. Nd2
Bb7 9. e4 dxe4 10. Ndxe4 Bc7 11. Bg5 O-O 12. Nxf6+ Nxf6 13. Ne4 Kh8 14. c5 Ba6
15. Re1 Bc4 16. Qf3 Bd5 17. Bxf6 gxf6 18. Qxf6+ Qxf6 19. Nxf6 Bxg2 20. Kxg2 Kg7
21. Ne4 Rfd8 22. Rad1 Rd7 23. Ng5 Rad8 24. b4 bxc5 25. bxc5 e5 26. Nf3 f6 27.
Rd3 Ba5 28. Re4 Bc7 29. g4 Kf7 30. h3 a5 31. Rde3 exd4 32. Nxd4 Rxd4 33. Re7+
Kg6 34. Rxc7 Rd2 35. Ra3 R8d3 36. Rxa5 Rc2 37. Raa7 Rdd2 38. Kg3 Rd3+ 39. Kh4 1-0

[Event "CHN Team Men 2016"]
[Site "Wuxi CHN"]
[Date "2016.08.03"]
[Round "8.6"]
[Board "2"]
[White "Xu, Yinglun"]
[Black "Yang, Bokai"]
[Result "1-0"]
[WhiteElo "2522"]
[BlackElo "1583"]
[WhiteTeam "Guangdong"]
[BlackTeam "Shaanxi"]
[WhiteFideId "8604940"]
[BlackFideId "8616469"]
[EventDate "2016.07.28"]

1. d4 d5 2. Bf4 c6 3. e3 Nf6 4. c4 e6 5. Nc3 Bd6 6. Bg3 O-O 7. Nf3 b6 8. Bd3 Bb7
9. O-O Bxg3 10. hxg3 Nbd7 11. Qe2 Rc8 12. Rfd1 Qc7 13. Rac1 Qb8 14. b4 dxc4 15.
Bxc4 c5 16. bxc5 bxc5 17. d5 exd5 18. Nxd5 Nxd5 19. Bxd5 Nb6 20. Bxb7 Qxb7 21.
Qb5 Qc6 22. Qxc6 Rxc6 23. Nd4 Rcc8 24. Nb5 a6 25. Na7 Rc7 26. Rd6 Nd7 27. Nc6 g6
28. Nb4 Rb7 29. Nd5 Kg7 30. Rxa6 Rfb8 31. Nc3 Ne5 32. Rd6 c4 33. Rd2 Rb2 34.
Rcd1 Nd3 35. Kf1 Kf6 36. Ke2 Ke5 37. f3 h5 38. Rxb2 Rxb2+ 39. Rd2 Kd6 40. Rxb2
Nxb2 41. Ne4+ Kc6 42. Kd2 Kb5 43. Kc2 Nd3 44. Kc3 Ne1 45. Nd6+ Kc5 46. Nxf7 Nxg2
47. e4 h4 48. gxh4 Nxh4 49. Ng5 Ng2 50. a4 Nf4 51. a5 Kb5 52. a6 Kxa6 53. Kxc4 1-0

[Event "CHN Team Men 2016"]
[Site "Wuxi CHN"]
[Date "2016.08.03"]
[Round "8.6"]
[Board "3"]
[White "Liu, Chuming"]
[Black "Li, Shilong"]
[Result "0-1"]
[BlackTitle "GM"]
[WhiteElo "1325"]
[BlackElo "2512"]
[WhiteTeam "Shaanxi"]
[BlackTeam "Guangdong"]
[WhiteFideId "8616477"]
[BlackFideId "8600678"]
[EventDate "2016.07.28"]

1. d4 Nf6 2. c4 e6 3. Nf3 c5 4. d5 exd5 5. cxd5 d6 6. Nc3 g6 7. e4 Bg7 8. Bd3
Bg4 9. h3 Bxf3 10. Qxf3 O-O 11. Bf4 a6 12. O-O b5 13. a4 c4 14. Be2 b4 15. Nd1
Re8 16. Ne3 c3 17. Bd3 cxb2 18. Rab1 Nbd7 19. Bxd6 Nxe4 20. Bxb4 Rb8 21. Nc2
Ndc5 22. Bc4 Be5 0-1

[Event "CHN Team Men 2016"]
[Site "Wuxi CHN"]
[Date "2016.08.03"]
[Round "8.6"]
[Board "4"]
[White "Liu, Chuming"]
[Black "Li, Shilong"]
[Result "1-0"]
[BlackTitle "GM"]
[WhiteElo "1325"]
[BlackElo "2512"]
[WhiteTeam "Shaanxi"]
[BlackTeam "Guangdong"]
[WhiteFideId "8616477"]
[BlackFideId "8600678"]
[EventDate "2016.07.28"]

1. e4 e6 2. Qe2 c5 3. Nf3 Nf6 4. g3 d5 5. exd5 Nxd5 6. Bg2 Be7 7. O-O O-O 8. Rd1
Nc6 9. d4 cxd4 10. Nxd4 Nxd4 11. Rxd4 Bf6 12. Rd1 Qb6 13. Nd2 Bd7 14. Ne4 Bxb2
15. Rb1 Bb5 16. c4 Ba6 17. Bxb2 Qc7 18. Rxd5 exd5 19. Nf6+ Kh8 20. Qh5 h6 21.
Ne8 Qc6 22. Bxg7+ Kg8 23. Bf6 Qxc4 24. Qxh6 Qg4 25. Qh8# 1-0

[Event "CHN Team Men 2016"]
[Site "Wuxi CHN"]
[Date "2016.08.03"]
[Round "8.7"]
[Board "2"]
[White "Wang, Tongsen"]
[Black "Wu, Hao"]
[Result "1-0"]
[WhiteElo "2309"]
[BlackElo "1600"]
[WhiteTeam "Qingdao"]
[BlackTeam "Shanxi Huxiaoling"]
[WhiteFideId "8608067"]
[BlackFideId "8616450"]
[EventDate "2016.07.28"]

1. e4 c5 2. Nf3 Nc6 3. b3 e6 4. Bb2 d5 5. exd5 exd5 6. d4 Nf6 7. Be2 Be6 8. O-O
cxd4 9. Nxd4 Bd6 10. Nxe6 fxe6 11. Bh5+ g6 12. Bg4 e5 13. Be6 Be7 14. Nc3 d4 15.
Ne2 Qd6 16. Bc4 O-O-O 17. Ng3 Rhf8 18. Qe2 Nd5 19. Ne4 Qd7 20. Bxd5 Qxd5 21.
Rad1 Rf4 22. f3 g5 23. Bc1 Rf5 24. Qd3 Rdf8 25. c3 Kb8 26. Be3 Qa5 27. cxd4 exd4
28. Bf2 Rd5 29. Bg3+ Ka8 30. Nd2 Qxa2 31. Nc4 Bc5 32. Kh1 Nb4 33. Qxh7 Qxb3 34.
Na5 1-0

[Event "CHN Team Men 2016"]
[Site "Wuxi CHN"]
[Date "2016.08.03"]
[Round "8.7"]
[Board "3"]
[White "Lu, Kaiyan"]
[Black "Xu, Zhihang"]
[Result "0-1"]
[WhiteElo "1511"]
[BlackElo "2206"]
[WhiteTeam "Shanxi Huxiaoling"]
[BlackTeam "Qingdao"]
[WhiteFideId "8610495"]
[BlackFideId "8611572"]
[EventDate "2016.07.28"]

1. e4 d5 2. exd5 Nf6 3. d4 Nxd5 4. Nf3 g6 5. g3 Bg7 6. Bg2 O-O 7. O-O Nc6 8. c3
Nb6 9. Qe2 Be6 10. b3 a5 11. Ne5 Nxe5 12. dxe5 a4 13. Rd1 Qc8 14. b4 Bg4 15. f3
Bh3 16. Be3 Bxg2 17. Kxg2 Qe6 18. Bd4 Nd7 19. f4 f6 20. Re1 fxe5 21. fxe5 b6 22.
b5 Rf5 23. Nd2 Nxe5 24. Qe4 Raf8 25. Rf1 Rxf1 26. Rxf1 Rxf1 27. Kxf1 Qf5+ 28.
Kg2 Qxe4+ 29. Nxe4 Nf7 30. Bxg7 Kxg7 31. c4 Nd6 32. Nd2 e5 33. Kf3 Kf6 34. Ke3
Kf5 35. h3 h5 36. Kf3 e4+ 37. Ke3 Ke5 38. a3 Nf5+ 0-1

[Event "CHN Team Men 2016"]
[Site "Wuxi CHN"]
[Date "2016.08.04"]
[Round "9.1"]
[Board "2"]
[White "Wang, Rui"]
[Black "Lin, Chen"]
[Result "1-0"]
[WhiteTitle "GM"]
[BlackTitle "GM"]
[WhiteElo "2386"]
[BlackElo "2519"]
[WhiteTeam "Hebei Ticai"]
[BlackTeam "Jiangsu Lvyang"]
[WhiteFideId "8601003"]
[BlackFideId "8602298"]
[EventDate "2016.07.28"]

1. e4 e5 2. Nf3 Nc6 3. Bb5 Nf6 4. d3 Bc5 5. Bxc6 dxc6 6. Nbd2 Be6 7. Qe2 Nd7 8.
Nb3 Bd6 9. Ng5 Qe7 10. Nxe6 Qxe6 11. Be3 c5 12. Na5 b6 13. Nc4 Nb8 14. O-O Nc6
15. a3 O-O 16. Rae1 Rae8 17. Kh1 f6 18. f3 g6 19. Qf2 Qd7 20. Qg3 Nd4 21. Qf2
Ne6 22. Qd2 a5 23. h3 a4 24. Nxd6 Qxd6 25. f4 exf4 26. Bxf4 Nxf4 27. Qxf4 Qxf4
28. Rxf4 Kg7 29. Kg1 Re5 30. Kf2 Rd8 31. Ke3 Rd6 32. Re2 Re7 33. Rd2 Re5 34. g4
h6 35. h4 Rde6 36. Rg2 Re7 37. h5 gxh5 38. gxh5+ Rg5 39. Rgf2 Rg3+ 40. Kd2 Re6
41. Kc3 Rg5 42. Rf5 Rxf5 43. Rxf5 Kf7 44. b3 axb3 45. cxb3 Re5 46. Rxe5 fxe5 47.
Kc4 c6 48. a4 Kf6 49. a5 bxa5 50. Kxc5 Kg5 51. Kd6 Kxh5 52. Kxe5 Kg5 53. Kd6 1-0

[Event "CHN Team Men 2016"]
[Site "Wuxi CHN"]
[Date "2016.08.04"]
[Round "9.1"]
[Board "3"]
[White "Yu, Ruiyuan"]
[Black "Zhang, Ziji"]
[Result "1-0"]
[WhiteTitle "GM"]
[WhiteElo "2501"]
[BlackElo "2313"]
[WhiteTeam "Jiangsu Lvyang"]
[BlackTeam "Hebei Ticai"]
[WhiteFideId "8603090"]
[BlackFideId "8609470"]
[EventDate "2016.07.28"]

1. e4 c5 2. Nf3 Nc6 3. d4 cxd4 4. Nxd4 Nf6 5. Nc3 d6 6. Bg5 e6 7. Qd2 Be7 8.
O-O-O Nxd4 9. Qxd4 O-O 10. f4 Qa5 11. Bc4 Bd7 12. e5 dxe5 13. fxe5 Bc6 14. Bd2
Nd7 15. Nd5 Qd8 16. Nxe7+ Qxe7 17. Rhe1 Rfc8 18. Qg4 b5 19. Bd3 a5 20. Bg5 Qb4
21. Qh3 Nf8 22. Re3 Bd5 23. Qh5 Ra7 24. Rh3 Be4 25. Rh4 Bxd3 26. Rxb4 Rxc2+ 27.
Kb1 Bg6 28. Qxg6 hxg6 29. Kxc2 axb4 30. Rd8 f6 31. exf6 gxf6 32. Bh6 Rf7 33. Kb3
e5 34. Kxb4 f5 35. b3 1-0

[Event "CHN Team Men 2016"]
[Site "Wuxi CHN"]
[Date "2016.08.04"]
[Round "9.2"]
[Board "2"]
[White "Zhao, Jun"]
[Black "Chu, Wei Chao"]
[Result "1-0"]
[WhiteTitle "GM"]
[BlackTitle "IM"]
[WhiteElo "2622"]
[BlackElo "2309"]
[WhiteTeam "Shandong"]
[BlackTeam "Tianjing Chunhua"]
[WhiteFideId "8602522"]
[BlackFideId "8605661"]
[EventDate "2016.07.28"]

1. c4 g6 2. Nc3 Bg7 3. d4 d6 4. Nf3 Nc6 5. g3 Nf6 6. d5 Na5 7. Nd2 c5 8. Bg2 O-O
9. O-O Rb8 10. Qc2 a6 11. b3 b5 12. Bb2 Bf5 13. e4 Bd7 14. Nd1 e5 15. Ne3 Ng4
16. Nxg4 Bxg4 17. Bc3 Nb7 18. f4 exf4 19. gxf4 Bxc3 20. Qxc3 Qa5 21. Qe3 Rbe8
22. e5 Bf5 23. Be4 Bc8 24. Bc2 Qa3 25. Bd3 dxe5 26. fxe5 Nd6 27. Rae1 bxc4 28.
Nxc4 Nxc4 29. Bxc4 Qb2 30. Rf2 Qd4 31. Qxd4 cxd4 32. Rd2 Rd8 33. Rxd4 Rfe8 34.
Kf2 Kg7 35. Re3 a5 36. Rd1 h5 37. h4 Bf5 38. Kg3 f6 39. Kf4 fxe5+ 40. Rxe5 Kf6 1-0

[Event "CHN Team Men 2016"]
[Site "Wuxi CHN"]
[Date "2016.08.04"]
[Round "9.2"]
[Board "3"]
[White "Li, Yankai"]
[Black "Wen, Yang"]
[Result "0-1"]
[BlackTitle "GM"]
[WhiteElo "2234"]
[BlackElo "2611"]
[WhiteTeam "Tianjing Chunhua"]
[BlackTeam "Shandong"]
[WhiteFideId "8609357"]
[BlackFideId "8602956"]
[EventDate "2016.07.28"]

1. e4 e5 2. Nf3 Nc6 3. Bc4 Nf6 4. d4 exd4 5. O-O d6 6. Nxd4 Be7 7. Nc3 O-O 8.
Bf4 Nd7 9. Nd5 Nb6 10. Nxb6 axb6 11. Nxc6 bxc6 12. Re1 Bd7 13. c3 Qc8 14. Qf3 b5
15. Bd3 Re8 16. Qg3 Be6 17. e5 Rxa2 18. Rxa2 Bxa2 19. Re3 Rd8 20. exd6 Bxd6 21.
Bxd6 Rxd6 22. Qh3 f5 23. Qg3 Qd7 24. f4 Bd5 25. Qf2 Bxg2 26. Qxg2 Rxd3 27. Rxd3
Qxd3 28. Qxc6 h6 29. Qxc7 Qb1+ 30. Kf2 Qxb2+ 31. Kf3 Qc2 32. Qd8+ Kh7 33. Qd4 0-1

[Event "CHN Team Men 2016"]
[Site "Wuxi CHN"]
[Date "2016.08.04"]
[Round "9.2"]
[Board "4"]
[White "Liu, Qingnan"]
[Black "Zhao, Zhouqiao CHN"]
[Result "1/2-1/2"]
[WhiteTitle "GM"]
[BlackTitle "FM"]
[WhiteElo "2507"]
[BlackElo "2204"]
[WhiteTeam "Shandong"]
[BlackTeam "Tianjing Chunhua"]
[WhiteFideId "8603294"]
[BlackFideId "8608342"]
[EventDate "2016.07.28"]

1. e4 e5 2. Nf3 Nc6 3. Bb5 Nf6 4. d3 d6 5. c3 Bd7 6. O-O g6 7. Nbd2 Bg7 8. Re1
O-O 9. Nf1 Na5 10. Bxd7 Qxd7 11. d4 Rfe8 12. Bg5 exd4 13. Bxf6 Bxf6 14. cxd4 Qb5
15. Qc2 Rac8 16. Ne3 Qc6 17. Qd2 Nc4 18. Nxc4 Qxc4 19. b3 Qb5 20. Rac1 Bg7 21.
h4 Re7 22. d5 h5 23. Rc4 c5 24. dxc6 Rxc6 25. e5 Bxe5 26. Qg5 Rxc4 27. Qxe7 Rc8
28. Nxe5 dxe5 29. Rxe5 Qc6 30. Re1 a6 31. Qb4 Re8 32. Rxe8+ Qxe8 33. Qxb7 Qe1+
34. Kh2 Qxf2 35. Qc8+ Kh7 36. Qc4 Qxa2 37. Qxf7+ Kh6 38. Qf8+ Kh7 39. Qe7+ Kh6
40. Qe3+ Kg7 41. Qc3+ Kf7 42. Qc4+ Kf6 43. Qb4 Kf7 44. Qb7+ Kf6 45. Qc6+ Kg7 46.
Qd7+ Kf6 47. Qd6+ Kf7 48. Qd5+ Kf6 49. Qg8 Qc2 50. Qf8+ Ke6 51. Qg8+ Kf6 52.
Qf8+ Ke6 53. Qg7 Qe4 54. Qg8+ Kf6 55. Qf8+ Ke6 56. Qg8+ Ke7 57. Qg7+ Ke6 58.
Qg8+ Ke7 59. Qg7+ Ke6 60. Qg8+ Ke7 61. Qg7+ 1/2-1/2

[Event "CHN Team Men 2016"]
[Site "Wuxi CHN"]
[Date "2016.08.04"]
[Round "9.3"]
[Board "2"]
[White "Lou, Yiping"]
[Black "Li, Di"]
[Result "1/2-1/2"]
[WhiteTitle "IM"]
[BlackTitle "FM"]
[WhiteElo "2448"]
[BlackElo "2426"]
[WhiteTeam "Shanghai"]
[BlackTeam "Chengdu"]
[WhiteFideId "8603928"]
[BlackFideId "8607508"]
[EventDate "2016.07.28"]

1. d4 d5 2. Nf3 Nf6 3. Bf4 Bf5 4. e3 e6 5. Bd3 Bxd3 6. Qxd3 Nbd7 7. O-O Bd6 8.
Bxd6 cxd6 9. Nbd2 O-O 10. Qa3 Qc7 11. Rfc1 b5 12. Qd3 Qc6 13. Qe2 Nb6 14. Ne1
Na4 15. Nd3 Rac8 16. Nb3 Rfe8 17. Qe1 h5 18. h3 g6 19. Rab1 Kg7 20. Qa5 Qd7 21.
Nd2 Nb6 22. b3 e5 23. c3 h4 24. dxe5 dxe5 25. Qb4 Nc4 26. Nc5 Rxc5 27. bxc4 Rec8
28. cxb5 d4 29. c4 Nd5 30. Qb2 Nc3 31. exd4 exd4 32. Rxc3 dxc3 33. Qxc3+ 1/2-1/2

[Event "CHN Team Men 2016"]
[Site "Wuxi CHN"]
[Date "2016.08.04"]
[Round "9.3"]
[Board "3"]
[White "Liu, Guanchu"]
[Black "Xu, Yi"]
[Result "1/2-1/2"]
[WhiteTitle "IM"]
[BlackTitle "FM"]
[WhiteElo "2366"]
[BlackElo "2396"]
[WhiteTeam "Chengdu"]
[BlackTeam "Shanghai"]
[WhiteFideId "8603901"]
[BlackFideId "8605564"]
[EventDate "2016.07.28"]

1. e4 e5 2. Bc4 Nc6 3. Nc3 Nf6 4. d3 Na5 5. Nge2 Be7 6. O-O d6 7. a4 Nxc4 8.
dxc4 Be6 9. b3 Nh5 10. Nd5 O-O 11. a5 a6 12. Nec3 Nf6 13. Nxe7+ Qxe7 14. Bg5 h6
15. Bxf6 Qxf6 16. Qd3 Qe7 17. Nd5 Bxd5 18. cxd5 Rac8 19. Rfd1 c5 20. dxc6 Rxc6
21. c4 Rfc8 22. h3 b6 23. Qd5 bxa5 24. Rxa5 Qb7 25. c5 Qb4 26. cxd6 Rxd6 27.
Qxd6 Qxa5 28. Qe7 Qc7 29. Qxc7 Rxc7 30. Rd6 Rb7 31. Rxa6 Rxb3 1/2-1/2

[Event "CHN Team Men 2016"]
[Site "Wuxi CHN"]
[Date "2016.08.04"]
[Round "9.3"]
[Board "4"]
[White "Zhou, Junfeng"]
[Black "Zhao, Yuanhe"]
[Result "0-1"]
[WhiteElo "2022"]
[BlackElo "2328"]
[WhiteTeam "Shanghai"]
[BlackTeam "Chengdu"]
[WhiteFideId "8615330"]
[BlackFideId "8609497"]
[EventDate "2016.07.28"]

1. c4 g6 2. Nc3 c5 3. g3 Nc6 4. Bg2 Bg7 5. Nf3 d6 6. O-O Nf6 7. d4 cxd4 8. Nxd4
Bd7 9. Nc2 O-O 10. b3 Qa5 11. Bd2 Qh5 12. e4 Qxd1 13. Raxd1 Rfc8 14. Rfe1 Rab8
15. Ne3 a6 16. Ned5 b5 17. cxb5 axb5 18. Nxf6+ Bxf6 19. Nd5 Bb2 20. Be3 Be6 21.
Re2 Ba3 22. Nb6 Rc7 23. Rc2 Bc5 24. Bxc5 dxc5 25. Nd5 Bxd5 26. Rxd5 c4 27. Rc5
Rbc8 28. bxc4 Nd4 29. Rxc7 Rxc7 30. Rd2 e5 31. c5 Rxc5 32. f4 f6 33. fxe5 fxe5
34. Kf2 Kf7 35. Bf1 Ke7 36. Rb2 Kd6 37. Bd3 Kc6 38. Rb1 Rc3 39. Ke3 Ra3 40. Rb2
Kc5 41. Kd2 b4 42. Ke3 Nb5 43. Rf2 Nc3 44. Rf7 Rxa2 0-1

[Event "CHN Team Men 2016"]
[Site "Wuxi CHN"]
[Date "2016.08.04"]
[Round "9.4"]
[Board "2"]
[White "Wu, Hao"]
[Black "Yu, Yangyi"]
[Result "0-1"]
[BlackTitle "GM"]
[WhiteElo "1600"]
[BlackElo "2734"]
[WhiteTeam "Shanxi Huxiaoling"]
[BlackTeam "Beijing Beiao"]
[WhiteFideId "8616450"]
[BlackFideId "8603820"]
[EventDate "2016.07.28"]

1. e4 c5 2. c3 d5 3. exd5 Qxd5 4. d4 Nc6 5. Be3 cxd4 6. cxd4 e5 7. Nc3 Bb4 8.
Nf3 exd4 9. Nxd4 Nge7 10. Nxc6 Bxc3+ 11. bxc3 Qxc6 12. Qb3 O-O 13. Rc1 Nf5 14.
Qc4 Qg6 15. Qe4 Be6 16. Bd3 Rad8 17. Bb1 b6 18. Qf3 Nh4 19. Bxg6 Nxf3+ 20. gxf3
fxg6 21. c4 Rxf3 22. O-O Rf5 23. c5 Bxa2 24. cxb6 axb6 25. Bxb6 Rg5+ 26. Kh1 Rd3
27. Rc8+ Kf7 28. Rc7+ Ke6 29. f3 Bd5 30. h4 Rg4 31. Re1+ Kd6 32. Rc2 Bxf3+ 33.
Kh2 Rxh4+ 34. Kg3 Rg4+ 35. Kh2 Be4 36. Bd8 Kd7 0-1

[Event "CHN Team Men 2016"]
[Site "Wuxi CHN"]
[Date "2016.08.04"]
[Round "9.4"]
[Board "3"]
[White "Xiu, Deshun"]
[Black "Lu, Kaiyan"]
[Result "1-0"]
[WhiteTitle "GM"]
[WhiteElo "2557"]
[BlackElo "1511"]
[WhiteTeam "Beijing Beiao"]
[BlackTeam "Shanxi Huxiaoling"]
[WhiteFideId "8603693"]
[BlackFideId "8610495"]
[EventDate "2016.07.28"]

1. Nf3 Nf6 2. c4 g6 3. Nc3 Bg7 4. e4 d6 5. d4 O-O 6. h3 Na6 7. Bg5 c6 8. Be2 Nc7
9. d5 Bd7 10. O-O cxd5 11. exd5 a5 12. Re1 Na6 13. Bf1 Re8 14. Qd2 Nc5 15. Nd4
Qb6 16. Rad1 Rac8 17. Qc2 a4 18. Be3 Qb4 19. Rd2 Kf8 20. Kh1 Ra8 21. Rdd1 Ra6
22. Ncb5 Qa5 23. Bd2 Qb6 24. Bc3 Bxb5 25. Nxb5 Nfd7 26. Re3 Bxc3 27. Qxc3 Nf6
28. Rde1 Qa5 29. Qd4 Qd8 30. Kg1 Ra8 31. g4 Rc8 32. Bg2 h6 33. h4 Qd7 34. g5
hxg5 35. hxg5 Qg4 36. gxf6 1-0

[Event "CHN Team Men 2016"]
[Site "Wuxi CHN"]
[Date "2016.08.04"]
[Round "9.5"]
[Board "2"]
[White "Bao, Qilin"]
[Black "Xu, Yinglun"]
[Result "1/2-1/2"]
[WhiteElo "2305"]
[BlackElo "2522"]
[WhiteTeam "Heilongjiang Qipai"]
[BlackTeam "Guangdong"]
[WhiteFideId "8605750"]
[BlackFideId "8604940"]
[EventDate "2016.07.28"]

1. d4 d5 2. Nf3 Nf6 3. Bf4 c6 4. e3 Bf5 5. Bd3 Bxd3 6. Qxd3 Nbd7 7. h3 e6 8.
Nbd2 Be7 9. O-O O-O 10. Ne5 Rc8 11. c3 c5 12. Nxd7 Nxd7 13. Nf3 Qb6 14. Ne5 Nxe5
15. Bxe5 cxd4 16. Qxd4 Qa6 17. Rfd1 f6 18. Bg3 Qc6 19. Qxa7 Qb5 20. Qd4 Qxb2 21.
Rdb1 Qxc3 22. Qxc3 Rxc3 23. Rxb7 Ba3 24. Rab1 Ra8 25. Kh2 e5 26. Rd7 Bf8 27.
Rxd5 Rca3 28. Rb2 Rxa2 29. Rxa2 Rxa2 30. e4 1/2-1/2

[Event "CHN Team Men 2016"]
[Site "Wuxi CHN"]
[Date "2016.08.04"]
[Round "9.5"]
[Board "3"]
[White "Li, Shilong"]
[Black "Wu, Xibin"]
[Result "1-0"]
[WhiteTitle "GM"]
[BlackTitle "IM"]
[WhiteElo "2512"]
[BlackElo "2257"]
[WhiteTeam "Guangdong"]
[BlackTeam "Heilongjiang Qipai"]
[WhiteFideId "8600678"]
[BlackFideId "8600309"]
[EventDate "2016.07.28"]

1. Nf3 d5 2. d4 Nf6 3. c4 e6 4. Bg5 Be7 5. Qc2 h6 6. Bxf6 Bxf6 7. e3 O-O 8. h4
c5 9. g4 Nc6 10. g5 Nb4 11. Qd2 hxg5 12. hxg5 Bxg5 13. dxc5 a5 14. a3 Nc6 15.
Nc3 dxc4 16. Qc2 Bh6 17. Bxc4 Qf6 18. Ke2 Rd8 19. Rag1 Kf8 20. Rh5 Qe7 21. Ne4
e5 22. Nfg5 Rd4 23. Rxh6 gxh6 24. Nh7+ Ke8 25. Nhf6+ Kd8 26. exd4 Nxd4+ 27. Kd1 1-0

[Event "CHN Team Men 2016"]
[Site "Wuxi CHN"]
[Date "2016.08.04"]
[Round "9.5"]
[Board "4"]
[White "Qu, Yanqiao"]
[Black "Liu, Chang"]
[Result "1/2-1/2"]
[WhiteElo "2186"]
[BlackElo "2361"]
[WhiteTeam "Heilongjiang Qipai"]
[BlackTeam "Guangdong"]
[WhiteFideId "8603944"]
[BlackFideId "8606340"]
[EventDate "2016.07.28"]

1. e4 d6 2. d4 g6 3. Nc3 Bg7 4. f4 Nf6 5. Nf3 O-O 6. Bd3 Nc6 7. O-O e5 8. fxe5
dxe5 9. d5 Nb4 10. Bg5 Qd6 11. Qd2 Bd7 12. a3 Nxd3 13. Qxd3 Ne8 14. Be3 Qe7 15.
Nb5 Bxb5 16. Qxb5 Nd6 17. Qd3 f5 18. Nd2 b6 19. Rae1 Qd7 20. c4 f4 21. Bf2 g5
22. b4 Rf6 23. c5 Nf7 24. Rc1 g4 25. d6 Rg6 26. Rc3 c6 27. a4 Kh8 28. Qc4 bxc5
29. bxc5 Bh6 30. Rd1 Rag8 1/2-1/2

[Event "CHN Team Men 2016"]
[Site "Wuxi CHN"]
[Date "2016.08.04"]
[Round "9.6"]
[Board "2"]
[White "Yang, Bokai"]
[Black "Wang, Tongsen"]
[Result "0-1"]
[WhiteElo "1583"]
[BlackElo "2309"]
[WhiteTeam "Shaanxi"]
[BlackTeam "Qingdao"]
[WhiteFideId "8616469"]
[BlackFideId "8608067"]
[EventDate "2016.07.28"]

1. e4 c5 2. Nf3 d6 3. d4 Nf6 4. Nc3 cxd4 5. Nxd4 a6 6. Be3 e6 7. f3 b5 8. Qd2 b4
9. Nce2 e5 10. Nb3 d5 11. O-O-O d4 12. Bg5 Nc6 13. f4 Nxe4 14. Bxd8 Nxd2 15.
Rxd2 Kxd8 16. fxe5 Kc7 17. Nexd4 Nxe5 18. Nf3 Nxf3 19. gxf3 g6 20. Kb1 Bb7 21.
Bg2 Rd8 22. Rxd8 Kxd8 23. Rd1+ Kc7 24. Bh3 Bd6 25. f4 f5 26. Rd4 Re8 27. Nc1 Re1
28. b3 Rh1 29. Kb2 Rxh2 30. Bf1 Rf2 31. Bc4 Rxf4 0-1